000
00234nam a22000857a 4500
008
160704b xxu||||| |||| 00| 0 eng d
100
_9
1978
_a
Chaturvedi, M
245
_a
How to Play Flute & Shehnai
260
_a
New Delhi
_b
Fusion Books
_c
2003
999
_c
1678
_d
1678